Lewis's Adult Health Nursing-I (Record no. 1801)

MARC details
000 -LEADER
Fixed length control field 00909nam a22002657a 4500
003 - CONTROL NUMBER IDENTIFIER
Control field IIN
005 - DATE AND TIME OF LATEST TRANSACTION
Control field 20250506123950.0
008 - FIXED-LENGTH DATA ELEMENTS--GENERAL INFORMATION
Fixed length control field 250506s2022 |||ad||| |||| 000 0 eng d
020 ## - INTERNATIONAL STANDARD BOOK NUMBER / ISBN
International Standard Book Number 9788131269237
Price Rs.3150.00
040 ## - CATALOGING SOURCE
Original cataloging agency IIN
082 ## - DEWEY DECIMAL CLASSIFICATION NUMBER
Classification number 610.72699
Book Number HAR
100 ## - MAIN ENTRY--PERSONAL NAME
Personal name Harding, Mariann M.
245 ## - TITLE STATEMENT
Title Lewis's Adult Health Nursing-I
Sub title with Integrated Pathophysiology (Sem-III)/
Statement of responsibility Mariann M. Harding; edited by Chintamani, L. Gopichandran and Mrinalini Mani
250 ## - EDITION STATEMENT
Edition statement 5th ed
Remainder of edition statement South Asia Edition
260 ## - IMPRINT
Place of publication New Delhi
Name of publisher Elsevier
Date of publication 2022
300 ## - PHYSICAL DESCRIPTION
Page / Vol. No xxviii, 1342 [19] p./ v.1
Other physical details col. ill.
500 ## - GENERAL NOTE
General note Includes Appendix
505 ## - CONTENTS NOTE
Contents note Section Editors: Jeffrey Kwong; Debra Hagler & Courtney Reinsch
650 ## - SUBJECT ADDED ENTRY--TOPICAL TERM
Topical term Adult Health
Form subdivision Nursing
650 ## - SUBJECT ADDED ENTRY--TOPICAL TERM
Topical term Medical Surgical
Form subdivision Nursing
700 ## - ADDED ENTRY--PERSONAL NAME
Personal name Chintamani (ed)
700 ## - ADDED ENTRY--PERSONAL NAME
Personal name Gopichandran, L. (ed)
700 ## - ADDED ENTRY--PERSONAL NAME
Personal name Mani, Mrinalini (ed)
942 ## - ADDED ENTRY ELEMENTS (KOHA)
Koha item type Books
Holdings
Withdrawn status Lost status Source of classification Damaged status Not for loan Collection code Home library Current library Shelving location Date acquired Price Total Checkouts Call number Accession number Date last seen Copy number Price effective from Koha item type
    Dewey Decimal Classification     Purches Book(set price) IDEAL INSTITUTE OF NURSING IDEAL INSTITUTE OF NURSING General Stacks 11/03/2025 3150.00   610.72699 HAR 1995 06/05/2025 v.1 06/05/2025 Books
© Ideal Institute Of Nursing, All rights reserved.         Powered by Koha